000
00301nam a22001337a 4500
008
170825b xxu||||| |||| 00| 0 eng d
020
_a
9780133056228
041
_a
eng
080
_2
10 ED
_a
070
100
_a
39
101
_a
MED
245
_a
TECHNOLOGY IN ACTIOM
_c
POATSY.E.,
942
_2
udc
_c
BK
999
_c
25032
_d
25032